00790nam a2200181 a 450000100060000000300090000600800410001502000150005604000280007108200170009910000280011624500280014426000300017230000130020250503400021565000240055565000290057921318CO-ViMGA141112s2004 ck r 000 u spa d a8428326398 aCO-ViMGAbspacCO-ViMGA04a620.24 R328i1 aRecuero López, Manuel10aIngeniería acústica aMadrid; Paraninfo, c1999 a670 + CD aMovimientos ascilatorios Oscilador simple. Movimiento armónico simple 6 - - Ondas esfericas Ecuación genral de ondas 102 - - Filtros acústicos y mecánicos Propagación de ondas enun tubo 167 - - Vibración de membranas y placas Vibraciones libres simetricas 256 - - Infrasonidos y ultrasonidos Emisión de infrasonidos 433 14aINGENIERIA ACUSTICA14aPROPAGACIÓN DEL SONIDO